|
|
|
|
| LEADER |
00000nam0a2200000 4500 |
| 001 |
341250 |
| 005 |
20231102005326.0 |
| 010 |
|
|
|a 9785699590513
|
| 035 |
|
|
|a (RuTPU)RU\TPU\book\368766
|
| 090 |
|
|
|a 341250
|
| 100 |
|
|
|a 20180709d2014 m y0rusy50 ca
|
| 101 |
0 |
|
|a rus
|a eng
|
| 102 |
|
|
|a RU
|
| 105 |
|
|
|a a j 001zy
|
| 200 |
1 |
|
|a Самоучитель английского языка: с элементарного уровня до сдачи тестов
|f Н. Б. Караванова
|
| 210 |
|
|
|a Москва
|c Эксмо
|d 2014
|
| 215 |
|
|
|a 574 с.
|c ил.
|e Прилож.: CD-ROM
|
| 225 |
1 |
|
|a Английский для русских
|
| 320 |
|
|
|a Англо-русский словарь: с. 557-573
|
| 330 |
|
|
|a Данный "Самоучитель английского языка" ориентирован прежде всего на русскоговорящих учащихся и предназначен для самого широкого круга лиц, изучающих английский язык. Им могут воспользоваться как те, кто приступает к изучению английского языка с нуля, так и те, кто когда-то учил английский язык и хотел бы восстановить и пополнить свои знания. Он будет полезен также всем тем, кто должен сдавать различные экзамены и тесты по английскому языку. В самоучителе вы найдете понятные и подробные объяснения учебного материала, задания для тренировки, множество текстов и диалогов, а также тестовые задания, которые помогут проверить знания по пройденным темам. Аудиоприложение поможет поставить правильное произношение, а также научит воспринимать английскую речь на слух. Учебник предназначен прежде всего для изучающих английский язык самостоятельно, однако он будет по лезен также и тем, кто изучает язык в учебном заведении, на курсах или с преподавателем.
|
| 606 |
1 |
|
|a Английский язык
|x Учебные руководства и пособия
|x Самоучители
|2 stltpush
|3 (RuTPU)RU\TPU\subj\29081
|9 52492
|
| 610 |
1 |
|
|a фонетика
|
| 610 |
1 |
|
|a грамматика
|
| 610 |
1 |
|
|a лексика
|
| 610 |
1 |
|
|a чтение
|
| 610 |
1 |
|
|a разговорная речь
|
| 610 |
1 |
|
|a тесты
|
| 610 |
1 |
|
|a упражнения
|
| 610 |
1 |
|
|a CD-ROM
|
| 686 |
|
|
|a Ш143.21-922
|v LBC/SL-A
|2 rubbk
|
| 700 |
|
1 |
|a Караванова
|b Н. Б.
|g Наталья Борисовна
|
| 801 |
|
1 |
|a RU
|b 63413507
|c 20180709
|
| 801 |
|
2 |
|a RU
|b 63413507
|c 20180903
|g RCR
|
| 942 |
|
|
|c BK
|